<?xml version="1.0" encoding="UTF-8"?>
<collection xmlns="http://www.loc.gov/MARC21/slim">
<record>
  <controlfield tag="001">4666</controlfield>
  <controlfield tag="005">20200127191725.0</controlfield>
  <datafield tag="037" ind1=" " ind2=" ">
    <subfield code="a">CTALK-2020-0069</subfield>
  </datafield>
  <datafield tag="100" ind1=" " ind2=" ">
    <subfield code="a">Kobzar, O.</subfield>
  </datafield>
  <datafield tag="245" ind1=" " ind2=" ">
    <subfield code="a">Study of slowly rotating CP stars observed with TESS</subfield>
  </datafield>
  <datafield tag="260" ind1=" " ind2=" ">
    <subfield code="c">2019</subfield>
  </datafield>
  <datafield tag="269" ind1=" " ind2=" ">
    <subfield code="c">2019-07-09</subfield>
  </datafield>
  <datafield tag="520" ind1=" " ind2=" ">
    <subfield code="a">Since the end of 2018, the Transiting Exoplanet Survey Satellite (TESS ) provides high-quality space data on stellar photometry to the astronomical community. We present the results of an analysis of TESS photometric data for known slowly rotating magnetic chemically peculiar (mCP) stars. In general, mCP stars show an inhomogeneous distribution of elements in their stellar atmospheres that leads to spectroscopic (line profile) and photometric (light curve) variations over the rotation period. In the frame of the oblique magnetic rotator (OMR) model, patches of enhanced chemical abundance on the stellar surface reveal the frequency of stellar rotation. Using this approach, we have compiled a list of slowly rotating mCP stars with rotation periods longer than two days from the analysis of the photometric data provided by TESS for the first eight sectors of observations.Slowly rotating mCP stars usually possess a hydrodynamically stable stellar atmosphere where a magnetic field can amplify the process of atomic diffusion and leads to the horizontal and vertical stratification of chemical abundances.</subfield>
  </datafield>
  <datafield tag="594" ind1=" " ind2=" ">
    <subfield code="a">NO</subfield>
  </datafield>
  <datafield tag="653" ind1="1" ind2=" ">
    <subfield code="a">chemical abundance</subfield>
  </datafield>
  <datafield tag="653" ind1="1" ind2=" ">
    <subfield code="a">chemically peculiar stars</subfield>
  </datafield>
  <datafield tag="653" ind1="1" ind2=" ">
    <subfield code="a">stellar rotation</subfield>
  </datafield>
  <datafield tag="653" ind1="1" ind2=" ">
    <subfield code="a">oblique magnetic rotator</subfield>
  </datafield>
  <datafield tag="700" ind1=" " ind2=" ">
    <subfield code="a">Khalack, V.,</subfield>
  </datafield>
  <datafield tag="700" ind1=" " ind2=" ">
    <subfield code="a">Bohlender, D.,</subfield>
  </datafield>
  <datafield tag="700" ind1=" " ind2=" ">
    <subfield code="a">David-Uraz, A.,</subfield>
  </datafield>
  <datafield tag="700" ind1=" " ind2=" ">
    <subfield code="a">Kashko, P.,</subfield>
  </datafield>
  <datafield tag="700" ind1=" " ind2=" ">
    <subfield code="a">and 8, more</subfield>
  </datafield>
  <datafield tag="700" ind1=" " ind2=" ">
    <subfield code="a">incl. Lampens, P.</subfield>
  </datafield>
  <datafield tag="773" ind1=" " ind2=" ">
    <subfield code="t">"Stellar Magnetism: A Celebration of the Contributions of J.D. Landstreet", London, UK</subfield>
  </datafield>
  <datafield tag="856" ind1="0" ind2=" ">
    <subfield code="f">patricia.lampens@observatoire.be</subfield>
  </datafield>
  <datafield tag="906" ind1=" " ind2=" ">
    <subfield code="a">Contributed</subfield>
  </datafield>
  <datafield tag="980" ind1=" " ind2=" ">
    <subfield code="a">CTALKCONT</subfield>
  </datafield>
</record>
</collection>